The Great Mind Challenge for Business (Record no. 11016)

MARC details
000 -LEADER
fixed length control field 00345nam a2200145Ia 4500
008 - FIXED-LENGTH DATA ELEMENTS--GENERAL INFORMATION
fixed length control field 221030s9999 xx 000 0 und d
041 ## - LANGUAGE CODE
Language code of text/sound track or separate title
082 ## - DEWEY DECIMAL CLASSIFICATION NUMBER
Classification number 105.23
100 ## - MAIN ENTRY--AUTHOR NAME
Personal name Ibm
245 #4 - TITLE STATEMENT
Title The Great Mind Challenge for Business
Statement of responsibility, etc by Ibm
260 ## - PUBLICATION, DISTRIBUTION, ETC. (IMPRINT)
Name of publisher IBM India Ltd.
Place of publication Bangalore
Year of publication 0
300 ## - PHYSICAL DESCRIPTION
Number of Pages 237
650 ## - SUBJECT ADDED ENTRY--TOPICAL TERM
Topical Term General
942 ## - ADDED ENTRY ELEMENTS (KOHA)
Koha item type Books
Holdings
Accession Number Full call number Price effective from Koha item type Withdrawn / writtenoff status Materials specified (bound volume or other part) Damaged status Not for loan Permanent Location Current Location Shelving location Date acquired Lost/ Missing status department
BE 12670 105.23 10/30/2022 Books   Print     MIET Library, Jammu MIET Library, Jammu BL-Academic Block C, FL-2, CUP-21, SH-1, R-1 05/30/2012   BE